Physics at surfaces and interfaces : proceedings of the international conference, Puri, India, 4-8 March 2002 /

Bibliographic Details
Corporate Authors: International Conference on Physics at Surfaces and Interfaces Puri, India, Institute of Physics (Bhubaneswar, India)
Other Authors: Dev, B. N.
Format: Conference Proceeding Book
Language:English
Published: Singapore : River Edge, N.J. : World Scientific, 2003.
Subjects:

MARC

Tag First Indicator Second Indicator Subfields
LEADER 00000cam a22000007a 4500
001 in00001801708
005 20151025190554.0
008 030826s2003 si a b 101 0 eng
010 |a  2003278792 
015 |a GBA3-U8935 
020 |a 9812385754 
035 |a (OCoLC)ocm53901507 
040 |a UKM  |c UKM  |d DLC  |d TXA  |d UtOrBLW 
042 |a lccopycat 
049 |a TXAM 
050 0 0 |a QC173.4.S94  |b I583 2002 
082 0 4 |a 530.417  |2 21 
111 2 |a International Conference on Physics at Surfaces and Interfaces  |d (2002 :  |c Puri, India) 
245 1 0 |a Physics at surfaces and interfaces :  |b proceedings of the international conference, Puri, India, 4-8 March 2002 /  |c edited by B.N. Dev. 
264 1 |a Singapore :  |a River Edge, N.J. :  |b World Scientific,  |c 2003. 
300 |a xix, 178 pages :  |b illustrations ;  |c 24 cm. 
336 |a text  |b txt  |2 rdacontent 
337 |a unmediated  |b n  |2 rdamedia 
338 |a volume  |b nc  |2 rdacarrier 
500 |a Organized by the Institute of Physics, Bhubaneswar, India. 
504 |a Includes bibliographical references and index. 
650 0 |a Surfaces (Physics)  |v Congresses. 
650 0 |a Interfaces (Physical sciences)  |v Congresses. 
700 1 |a Dev, B. N. 
710 2 |a Institute of Physics (Bhubaneswar, India) 
948 |a cataloged  |b h  |c 2003/12/17  |d c  |e jgreene  |f 2:24:38 pm 
994 |a E0  |b TXA 
999 |a MARS 
999 f f |s d210c87f-08a7-3de2-92a3-a45b6c5eddf5  |i c8c4c57c-0762-3f4e-b48b-2c79cf18b88d  |t 0 
952 f f |p normal  |a Texas A&M University  |b College Station  |c Sterling C. Evans Library  |d Evans: Library Stacks  |t 0  |e QC173.4.S94 I583 2002  |h Library of Congress classification  |i unmediated -- volume  |m A14830901186 
998 f f |a QC173.4.S94 I583 2002  |t 0  |l Evans: Library Stacks